| 000 | 00434cam a2200157u 4500 | ||
|---|---|---|---|
| 001 | 6981397 | ||
| 005 | 20250603134350.0 | ||
| 008 | 810109s1954 enk 000 0 eng | ||
| 050 | 0 | 0 |
_aBV825 _b.W9 |
| 100 | 1 |
_aWyon, Olive, _d1881-1966. |
|
| 245 | 1 | 4 |
_aThe altar fire; _breflections on the sacrament of the eucharist |
| 260 |
_aLondon, _bSCM Press _c[1954] |
||
| 300 |
_a126 p. _c19 cm. |
||
| 650 | 0 | _aLord's Supper. | |
| 942 |
_2lcc _cBK _n0 |
||
| 999 |
_c6216 _d6216 |
||